Sermones predicados en la Iglesia de Nuestra Señora de Paris por el R.P. Enrique Domingo Lacordaire

Detalles Bibliográficos
Autor principal: Lacordaire, Enrique Domingo
Formato: Libro
Lenguaje:Undetermined
Spanish
Publicado: Paris : Libreria de Garnier Hermanos, 1854.
Edición:Nueva edicion, mas completa que las anteriores
Materias:
Colección:Banco de datos
Acervo:Biblioteca Palafoxiana. Colección bibliográfica
Descripción Física:t. ; 4°
Tema general:Homilética
Notas:Incluye retrato del autor. Número de localización: t.1(29074, 29075, 29114) ; t.2 (29076)
LEADER 00698nam a2200181Ia 4500
008 150723s9999 xx 000 0 und d
041 0 |a spa 
050 0 |a PAFX BV4207 L3 
100 1 |a Lacordaire, Enrique Domingo 
245 1 0 |a Sermones predicados en la Iglesia de Nuestra Señora de Paris por el R.P. Enrique Domingo Lacordaire 
250 |a Nueva edicion, mas completa que las anteriores 
260 |a Paris : Libreria de Garnier Hermanos, 1854. 
300 |a t. ; 4° 
500 |a Incluye retrato del autor. Número de localización: t.1(29074, 29075, 29114) ; t.2 (29076) 
650 1 0 |a Homilética 
942 |c PALALIB 
943 |g Biblioteca Palafoxiana. Colección bibliográfica 
999 |c 1053745  |d 1053745